LEADER 01208nam a2200253 a 4500 001 000000137981 003 CaOOAMICUS 005 20140428095530.0 008 140402s1990 xx m 000 b ita c 040 $aPUG$bita$dPUL 100 1 $aCavallotto, Stefano.$0(OLS)http://pul/name/62495 245 13$aIl Magistero episcopale di Cipriano di Cartagine :$baspetti metodologici /$cStefano Cavallotto. 260 $aPiacenza :$bTEP,$c1990. 300 $a92 p. $c26 cm 502 $aEstratto da tesi di dottorato in s.Teologia-- Pontificia Facoltà teologica dell'Italia meridionale. Sezione San Luigi, 1990. 504 $aBibliografia: pp. 85-92. 600 04$aCyprianus,$cs., vesc. di Cartagine,$dc. 200-258.$tEpistolae.$0(OLS)http://pul/subject/3848 710 2 $aPontificia facoltà teologica dell'Italia meridionale.$bSezione S. Luigi.$kTesi.$0(OLS)http://pul/name/82381 850 $aPUL 852 $aPUL$W1$xDP1 Tesi Varie$y51$mTH VAR 204$j189864$qTesi$B158599$CPULBib$Z2$F158599 $82 941 1 $a16 996 $6245$aIl Magistero episcopale di Cipriano di Cartagine :$baspetti metodologici$9(OLS)http://pul/title/174714 996 $6260$aPiacenza :$bTEP$9(OLS)http://pul/publisher/67181 LEADER 01018naa a2200241 u 4500 001 000000113872 003 CaOOAMICUS 005 20081112153240.0 008 081112s2008 pl u000 u pol r 020 $z978-83-227-2821-5* 040 $aPUL$bita$dLDB 100 1 $aTokarczyk, Roman Andrzej.$0(OLS)http://pul/name/70236 245 10$aBiojurysprudencja :$bpodstawy prawa dla XXI wieku /$cRoman Andrzej Tokarczyk. 260 $aLublin :$bMarie Curie-Sklodowska,$c2008. 300 $a109 p. ;$c24 cm. 504 $aBibliografia in nota. 650 4$aBioetica$xDiritto.$0(OLS)http://pul/subject/34224 850 $aPUL 852 $aPUL$W1$xSL Filosofia 3$y81$m174 TOKRO 2$j130075$qDDC 21$B129153$CPULBib$Z2$F129153 $H108757 $82 941 1 $a9 996 $6020$z978-83-227-2821-5*$9(OLS)http://pul/number/139174 996 $6245$aBiojurysprudencja :$bpodstawy prawa dla XXI wieku$9(OLS)http://pul/title/143095 996 $6260$aLublin :$bMarie Curie-Sklodowska$9(OLS)http://pul/publisher/80092